[Event "Cappelle op"]
[Site "Cappelle la Grande"]
[Date "1992.??.??"]
[Round "7"]
[White "Collas, Didier"]
[Black "Lane, Gary W"]
[Result "0-1"]
[WhiteElo "2280"]
[BlackElo "2420"]

1.d4 Nf6 2.c4 g6 3.Nf3 Bg7 4.g3 O-O 5.Bg2 d6 6.Nc3 Nc6 7.O-O a6 8.b3 Rb8
9.e3 b5 10.Qe2 Na5 11.cxb5 axb5 12.Bb2 Bd7 13.Rfd1 Re8 14.Rac1 c6 15.e4 e5
16.dxe5 dxe5 17.Bh3 Qe7 18.Bxd7 Nxd7 19.Qd2 Nf6 20.Ne2 Ra8 21.Qc2 Bh6 22.Ra1 Nd7
23.Rd3 Ra7 24.a4 b4 25.Bc1 Bf8 26.Be3 c5 27.Rd5 Nc6 28.Rc1 Nd4 29.Nexd4 exd4
30.Nxd4 cxd4 31.Bxd4 Raa8 32.Qc6 Rad8 33.f3 Nb8 34.Qc4 Rxd5 35.Qxd5 Qd7 36.Qc4 Nc6
37.Bb2 Na5 38.Qa6 Qd8 39.Re1 Re6 40.Qe2 Nxb3  0-1

[Event "Ceske Budejovice op"]
[Site "Ceske Budejovice"]
[Date "1992.??.??"]
[Round "3"]
[White "Matlak, Marek"]
[Black "Kempinski, Robert"]
[Result "1-0"]
[WhiteElo "2420"]
[BlackElo "2290"]

1.d4 Nf6 2.Nf3 g6 3.c4 Bg7 4.g3 O-O 5.Bg2 d6 6.O-O Nbd7 7.Qc2 e5 8.Rd1 Qe7
9.e4 c6 10.Nc3 a5 11.b3 exd4 12.Nxd4 Nc5 13.Bf4 Nh5 14.Be3 Nf6 15.f3 Rd8
16.Bf2 Be6 17.Re1 a4 18.Rab1 axb3 19.axb3 Na6 20.Na2 c5 21.Nb5 Nd7 22.f4 Ndb8
23.Qd2 Nc6 24.Nac3 Nab4 25.h3 Qf6 26.Rec1 Qe7 27.Ra1 Na5 28.Rab1 Qd7 29.Qe2 Bxh3
30.Bxh3 Qxh3 31.Rd1 h5 32.Rd2 h4 33.Qf3 Nbc6 34.Ne2 hxg3 35.Qxg3 Qe6 36.Qf3 Rd7
37.Re1 Rad8 38.Kg2 Bf8 39.Ng3 Be7 40.Rh1 Bf6 41.Rdd1 Bg7 42.Be1 b6 43.Bc3 Qe7
44.Bxg7 Kxg7 45.Nf5+ gxf5 46.Qg3+  1-0

[Event "Ceske Budejovice op"]
[Site "Ceske Budejovice"]
[Date "1992.??.??"]
[Round "6"]
[White "Tibensky, Robert"]
[Black "Belaska, Premysl"]
[Result "1-0"]
[WhiteElo "2410"]
[BlackElo "2265"]

1.d4 Nf6 2.c4 g6 3.Nf3 Bg7 4.g3 O-O 5.Bg2 d6 6.O-O c5 7.Nc3 Nbd7 8.h3 a6
9.e4 cxd4 10.Nxd4 Rb8 11.Be3 e5 12.Nb3 Ne8 13.Qd2 f5 14.Rfd1 Ndf6 15.c5 Nh5
16.cxd6 f4 17.Ba7 fxg3 18.d7 gxf2+ 19.Bxf2 Nef6 20.dxc8=Q Qxc8 21.Nd5 Nxd5
22.Qxd5+ Kh8 23.Rac1  1-0

[Event "Ceske Budejovice op"]
[Site "Ceske Budejovice"]
[Date "1992.??.??"]
[Round "9"]
[White "Matlak, Marek"]
[Black "Belaska, Premysl"]
[Result "1-0"]
[WhiteElo "2420"]
[BlackElo "2265"]

1.d4 Nf6 2.Nf3 g6 3.c4 Bg7 4.g3 O-O 5.Bg2 d6 6.O-O Nbd7 7.Qc2 e5 8.Rd1 Re8
9.Nc3 c6 10.e4 Qe7 11.b3 exd4 12.Nxd4 Nc5 13.f3 a5 14.Be3 Be6 15.Rac1 Qc7
16.Qd2 Rad8 17.Bf2 Bc8 18.Re1 Re7 19.h3 Rde8 20.Rcd1 b6 21.a3 Bb7 22.b4 axb4
23.axb4 Ncd7 24.Nc2 d5 25.exd5 cxd5 26.Rxe7 Rxe7 27.Nxd5 Nxd5 28.cxd5 Bxd5
29.Qxd5 Qxc2 30.Bf1 Bf6 31.f4 Kg7 32.Qd3 Qa4 33.Rb1 Nf8 34.Bxb6 Rd7 35.Qb3 Qc6
36.Be3 Ne6 37.b5 Qd6 38.Qb4 Qd5 39.Bg2 Qd3 40.Qe4 Qe2 41.b6 Re7 42.Bf2 Qa2
43.Qb4 Nf8 44.Qb3 Qd2 45.Rd1 Qa5 46.b7  1-0

[Event "JUG-chT"]
[Site "Cetinje"]
[Date "1992.??.??"]
[Round "?"]
[White "Maksimovic, Branimir"]
[Black "Jovanovic, Sasa T"]
[Result "0-1"]
[WhiteElo "2325"]
[BlackElo "2340"]

1.d4 Nf6 2.Nf3 g6 3.g3 Bg7 4.Bg2 O-O 5.c4 d6 6.O-O c6 7.Nc3 Be6 8.Nd2 d5
9.cxd5 Nxd5 10.Nxd5 Bxd5 11.Bxd5 cxd5 12.Nf3 Nc6 13.Qb3 Qb6 14.e3 Qxb3 15.axb3 Rfc8
16.Bd2 e6 17.Rfc1 Bf8 18.Kf1 Bd6 19.Bc3 f6 20.Ke2 Kf7 21.Rd1 g5 22.h3 h5
23.h4 g4 24.Ne1 Rc7 25.Rac1 Rac8 26.Nc2 a6 27.Ra1 Ne7 28.Ne1 Nc6 29.Ra4 Ne7
30.Ra5 Rc6 31.Nd3 Rb6 32.Nc1 Nc6 33.Ra4 Na7 34.Ba5 Rb5 35.Bc3 Kg6 36.Kd3 Kf5
37.Ra5 Rxc3+ 38.bxc3 Rxa5 39.b4 Ra3  0-1

[Event "JUG-chT"]
[Site "Cetinje"]
[Date "1992.??.??"]
[Round "?"]
[White "Martinovic, Slobodan"]
[Black "Pavlovic, Milos"]
[Result "1/2-1/2"]
[WhiteElo "2465"]
[BlackElo "2450"]

1.Nf3 Nf6 2.d4 g6 3.c4 Bg7 4.g3 O-O 5.Bg2 d6 6.O-O Nc6 7.Nc3 a6 8.Bd2 Rb8
9.d5 Na5 10.b3 c5 11.dxc6 Nxc6 12.Rc1 Bf5 13.Nd5 Be4 14.Nxf6+ Bxf6 15.Bc3 Bxc3
16.Rxc3 d5  1/2-1/2

[Event "JUG-chT"]
[Site "Cetinje"]
[Date "1992.??.??"]
[Round "?"]
[White "Demina, Julia"]
[Black "Umanskaya, Irina"]
[Result "1/2-1/2"]
[WhiteElo "2385"]
[BlackElo "2340"]

1.Nf3 Nf6 2.d4 g6 3.g3 Bg7 4.Bg2 O-O 5.c4 d6 6.O-O Nbd7 7.Qc2 e5 8.Rd1 Re8
9.e4 c6 10.Nc3 exd4 11.Nxd4 Qe7 12.b3  1/2-1/2

[Event "JUG-chT"]
[Site "Cetinje"]
[Date "1992.??.??"]
[Round "?"]
[White "Paunovic, Dragan"]
[Black "Mozetic, Dejan"]
[Result "1-0"]
[WhiteElo "2440"]
[BlackElo "2475"]

1.Nf3 Nf6 2.c4 g6 3.g3 Bg7 4.Bg2 d6 5.d4 O-O 6.O-O Nbd7 7.Qc2 e5 8.Rd1 Qe7
9.e4 exd4 10.Nxd4 Re8 11.Nc3 c6 12.Bf4 a5 13.h3 a4 14.Nde2 Qe6 15.Bxd6 g5
16.c5 Ne5 17.Nxa4 Qc4 18.Qxc4 Nxc4 19.Nec3 Nd7 20.Rac1 Nxd6 21.Rxd6 Bf8 22.Rd2 Nxc5
23.Nxc5 Bxc5 24.a3 Ba7 25.Ne2 Be6 26.Nd4 Rad8 27.Rcd1 Bc8 28.b4 Rd6 29.Nb3 Rxd2
30.Rxd2 Be6 31.Nc5 Bxc5 32.bxc5 Ra8 33.Rd3 Ra4 34.Rc3 Ba2 35.Kf1 Kg7 36.Ke2 Kg6
37.Ke3 f5 38.f4 gxf4+ 39.gxf4 fxe4 40.Bxe4+ Kg7 41.Bc2 Ra8 42.a4 h6 43.Kd2 Ra5
44.Kc1 Kf6 45.Kb2 Be6 46.Ka3 Bf5 47.Kb4 Ra8 48.Bb3 Be4 49.Rg3 Kf5 50.Rg7 Kxf4
51.Rxb7 Ke5 52.Bc4 Kd4 53.a5 h5 54.h4 Bd5 55.Bxd5 Kxd5 56.Rd7+ Ke5 57.Rh7 Kd4
58.Rd7+ Ke5 59.Rd6 Ra6 60.Rh6 Kd4 61.Rg6 Kd5 62.Rg5+ Kd4 63.Rg7 Ra8 64.Rd7+ Ke5
65.Ka4 Kf5 66.Rc7 Ra6 67.Rb7 Ra8 68.Rb6 Ke5 69.a6 Kd5 70.Kb4 Ra7 71.Ka5 Kxc5
72.Rb7 Ra8 73.a7  1-0

[Event "CSR-chT"]
[Site "CSR"]
[Date "1992.??.??"]
[Round "?"]
[White "Beil, Zdenek"]
[Black "Novik, Maxim"]
[Result "1-0"]
[WhiteElo "2340"]
[BlackElo "2420"]

1.d4 Nf6 2.Nf3 g6 3.c4 Bg7 4.g3 O-O 5.Bg2 d6 6.O-O Nbd7 7.Nc3 e5 8.e4 exd4
9.Nxd4 Re8 10.h3 Nc5 11.Re1 a5 12.Qc2 a4 13.Be3 c6 14.Rad1 Nfd7 15.f4 Qa5
16.Bf2 Qb4 17.Bf1 Nb6 18.a3 Qa5 19.Kg2 h5 20.Nb1 Bd7 21.Nf3 Rad8 22.f5 gxf5
23.exf5 Nb3 24.g4 hxg4 25.hxg4 Nc8 26.Bh4 f6 27.Nc3 Nc5 28.Rxe8+ Rxe8 29.Re1 Rxe1
30.Bxe1 Qa7 31.Bf2 Qa5 32.Be2 Kf8 33.Qd2 Ke8 34.Bd1 Qa6 35.Qd4 Qa5 36.Be1 Qb6
37.Nxa4 Nxa4 38.Bxa4 Qxd4 39.Nxd4 Bh6 40.Bd1 Bf4 41.Bc3 Be5 42.Bf3 Ke7 43.Kf2 Nb6
44.b3 Be8 45.Ne2 Bxc3 46.Nxc3 Nd7 47.Ke3 Bf7 48.Kd4 Ne5 49.Be2 Be8 50.b4 Bd7
51.c5 Bc8 52.a4 dxc5+ 53.bxc5 Nf7 54.Ne4 Bd7 55.a5 Bc8 56.Bc4 Ne5 57.Nd6 Kd8
58.Be6  1-0

[Event "CSR-chT"]
[Site "CSR"]
[Date "1992.??.??"]
[Round "?"]
[White "Beil, Zdenek"]
[Black "Sykora, Robert"]
[Result "1/2-1/2"]
[WhiteElo "2340"]
[BlackElo "2265"]

1.d4 Nf6 2.Nf3 g6 3.c4 d6 4.g3 Bg7 5.Bg2 O-O 6.O-O Nbd7 7.Qc2 e5 8.Rd1 Qe7
9.e4 Re8 10.Nc3 c6 11.d5 c5 12.a3 Nh5 13.Be3 Nf8 14.b4 b6 15.Nh4 Bf6 16.Nf3 g5
17.Ne1 g4 18.bxc5 bxc5 19.Qd2  1/2-1/2

[Event "CSR-chT"]
[Site "CSR"]
[Date "1992.??.??"]
[Round "?"]
[White "Konopka, Michal"]
[Black "Stratil, Petr"]
[Result "0-1"]
[WhiteElo "2360"]
[BlackElo "2270"]

1.Nf3 Nf6 2.c4 g6 3.d4 Bg7 4.g3 O-O 5.Bg2 d6 6.O-O Nbd7 7.Nc3 c6 8.e4 e5
9.h3 a6 10.a4 Nh5 11.Be3 Qe8 12.g4 Nhf6 13.a5 Kh8 14.Re1 Ng8 15.d5 c5 16.Qc2 b6
17.Bf1 h5 18.gxh5 f5 19.Nh4 Ne7 20.Bg5 Bf6 21.Bxf6+ Nxf6 22.hxg6 f4 23.axb6 Rb8
24.Bg2 Nxg6 25.Nf3 Rxb6 26.Kf1 Bd7 27.b3 Qe7 28.Ke2 Rfb8 29.Ra3 Nh7 30.Rh1 Nh4
31.Nxh4 Qxh4 32.Kd3 Rg8 33.Bf3 Ng5 34.Qe2 Nxh3 35.Raa1 Kg7 36.Rh2 Kf6 37.Rah1 Rxb3
38.Qf1 Rh8 39.Kc2 Rhb8 40.Rxh3 Bxh3 41.Rxh3 Qxf2+ 42.Qxf2 Rb2+ 43.Kd1 Rxf2
44.Ke1 Rc2 45.Bd1 Rg2 46.Rh6+ Rg6 47.Rxg6+ Kxg6 48.Kd2 Kg5 49.Kc2 Kh4 50.Nb1 Rxb1
51.Kxb1 Kg3 52.Kc2 f3 53.Kb3 Kf4 54.Ka4 Ke3 55.Bxf3 Kxf3 56.Ka5 Kxe4  0-1

[Event "CSR-chT"]
[Site "CSR"]
[Date "1992.??.??"]
[Round "?"]
[White "Jankovec, Ivan"]
[Black "Seifert, Milan"]
[Result "1/2-1/2"]
[WhiteElo "2265"]
[BlackElo "2280"]

1.d4 g6 2.Nf3 Bg7 3.g3 Nf6 4.Bg2 O-O 5.c4 d6 6.Nc3 Nc6 7.O-O a6 8.e4 e5 9.dxe5 dxe5
10.Qxd8 Rxd8 11.Bg5  1/2-1/2

[Event "Czestochowa op"]
[Site "Czestochowa"]
[Date "1992.??.??"]
[Round "6"]
[White "Grabarczyk, Miroslaw"]
[Black "Ryskin, Alexander"]
[Result "1/2-1/2"]
[WhiteElo "2420"]
[BlackElo "2445"]

1.d4 Nf6 2.Nf3 g6 3.c4 Bg7 4.g3 O-O 5.Bg2 d6 6.Nc3 Nc6 7.O-O a6 8.a3 Bg4
9.b4 Nd7 10.Be3 Nb6 11.Qb3 a5 12.Rad1 Qc8 13.Nd5 a4 14.Qc2 Nxd5 15.cxd5 Bf5
16.Qc1 Na7 17.Bh6 Be4 18.Bxg7 Kxg7 19.Nh4 Bxg2 20.Nxg2 Nb5 21.e4 c6 22.dxc6 Qxc6
23.Qxc6 bxc6 24.Rd3  1/2-1/2

[Event "EU-chT (Women)"]
[Site "Debrecen"]
[Date "1992.??.??"]
[Round "1"]
[White "Foulon, Greta"]
[Black "Velikhanli, Firuza"]
[Result "0-1"]
[WhiteElo "2005"]
[BlackElo "2230"]

1.d4 Nf6 2.c4 g6 3.g3 Bg7 4.Bg2 O-O 5.Nf3 d6 6.Nc3 Nc6 7.O-O a6 8.h3 Rb8
9.e4 Nd7 10.a4 e5 11.d5 Nd4 12.Be3 Nxf3+ 13.Qxf3 f5 14.Qe2 f4 15.Bd2 Nc5
16.Ra3 Bh6 17.b4 f3 18.Bxf3 Bxd2 19.bxc5 Bxc3 20.Rxc3 Bxh3 21.Bg2 Bxg2 22.Kxg2 dxc5
23.Qe3 Qe7 24.Rh1 Rf7 25.Rb3 a5 26.Rb2 b6 27.Rd1 Qf6 28.Rdd2 Rd8 29.Rb1 g5
30.Rh1 h6 31.Qe2 Kg7 32.Qh5 Rdf8 33.Qd1 Qg6 34.Qg4 Rf6 35.Rh2 Qe8 36.Qd1 Qd7
37.Kg1 Rf3 38.d6 c6 39.Qa1 Qe6 40.Qb2 Qxc4 41.Qxe5+ Kg6 42.Kg2 Qb4 43.Re2 R3f6
44.d7 Qd4 45.Qe8+ Kg7 46.e5 Rxf2+ 47.Rxf2 Rxf2+ 48.Kg1 Re2+  0-1

[Event "EU-chT (Women)"]
[Site "Debrecen"]
[Date "1992.??.??"]
[Round "2"]
[White "Cuevas Rodriguez, Ma Luisa"]
[Black "Foulon, Greta"]
[Result "1-0"]
[WhiteElo "2200"]
[BlackElo "2005"]

1.d4 Nf6 2.Nf3 g6 3.c4 Bg7 4.g3 O-O 5.Bg2 d6 6.O-O Nbd7 7.Nc3 e5 8.e4 c6
9.h3 Re8 10.Be3 exd4 11.Nxd4 Nc5 12.Qc2 a5 13.Rad1 Qe7 14.Rfe1 Be6 15.b3 Nfd7
16.f4 Nf8 17.Qf2 Bd7 18.e5 dxe5 19.Nxc6 Bxc6 20.Bxc5 Qe6 21.Nd5 Bxd5 22.Rxd5 Qf5
23.fxe5 Qxf2+ 24.Kxf2 a4 25.b4 Rac8 26.Bf1 Ne6 27.Bd6 b6 28.Rb5 Rc6 29.c5 bxc5
30.bxc5 Ra6 31.Rb7 Ra5 32.Bb5 Rd8 33.c6 Rc8 34.c7  1-0

[Event "EU-chT (Men)"]
[Site "Debrecen"]
[Date "1992.??.??"]
[Round "2"]
[White "Horvath, Csaba"]
[Black "Kovalev, Andrei"]
[Result "1/2-1/2"]
[WhiteElo "2485"]
[BlackElo "2570"]

1.d4 Nf6 2.c4 g6 3.Nf3 Bg7 4.g3 O-O 5.Bg2 d6 6.O-O Nbd7 7.Nc3 e5 8.e4 exd4
9.Nxd4 Re8 10.h3 Nc5 11.Re1 Bd7 12.Rb1 h6 13.Kh2 Qc8 14.b4 Ne6 15.Nxe6 Bxe6
16.Nd5 c6 17.Ne3 a5 18.b5 cxb5 19.Rxb5 Bxc4 20.Nxc4 Qxc4 21.Qb3 Qxb3 22.axb3 a4
23.bxa4 Rxa4 24.Rxb7 Ra2  1/2-1/2

[Event "EU-chT (Men)"]
[Site "Debrecen"]
[Date "1992.??.??"]
[Round "3"]
[White "Mastrokoukos, Georgios"]
[Black "D'Amore, Carlo"]
[Result "0-1"]
[WhiteElo "2330"]
[BlackElo "2405"]

1.Nf3 Nf6 2.g3 g6 3.d4 Bg7 4.c4 O-O 5.Bg2 d6 6.O-O Nbd7 7.Qc2 e5 8.Rd1 Re8
9.dxe5 dxe5 10.e4 c6 11.h3 Qc7 12.c5 Bf8 13.Be3 b6 14.b4 bxc5 15.bxc5 Qa5
16.Nbd2 Nxc5 17.Rdc1 Ncd7 18.Qxc6 Ba6 19.Nb3 Qa3 20.Nc5 Bxc5 21.Bxc5 Nxc5
22.Qxc5 Qxc5 23.Rxc5 Nxe4 24.Ra5 Bb7 25.Nxe5 Nd6 26.Rd1 Bxg2 27.Rxd6 Bxh3
28.g4 Rxe5 29.Rxe5 Bxg4 30.Ra6 Be6 31.Rea5 Rc8 32.Rxa7 Rc1+ 33.Kg2 h5 34.Re5 h4
35.a4 h3+ 36.Kh2 Rc2 37.Kg3 Rc3+ 38.Re3 Rc5 39.Kh2 Rf5 40.Rxh3 Rxf2+ 41.Kg3 Ra2
42.Rh2 Ra3+ 43.Kf4 Kg7 44.Re2 Kf6 45.Re5 Ra1 46.Re3 g5+ 47.Ke4 g4 48.Kf4 Rf1+
49.Kg3 Rg1+ 50.Kf4 Rf1+ 51.Kg3 Rg1+ 52.Kf2 Ra1 53.a5 Kg5 54.Kg3 Rg1+ 55.Kf2 Ra1
56.Kg3 Rg1+ 57.Kh2 Ra1 58.Kg3 Ra2 59.Re7 f5 60.Re5 Ra3+ 61.Kg2 Bc4 62.Rc5 Bd3
63.Re3 Kf4 64.Rxd3 Rxd3 65.Rc4+ Kg5 66.Ra4 Rd2+ 67.Kf1 f4 68.a6 f3 69.Ra3 Kf4
70.Ke1 Re2+ 71.Kd1 Re8 72.a7 f2  0-1

[Event "EU-chT (Women)"]
[Site "Debrecen"]
[Date "1992.??.??"]
[Round "5"]
[White "Litinskaya, Marta I"]
[Black "Botsari Miladinovic, Anna Maria"]
[Result "1-0"]
[WhiteElo "2330"]
[BlackElo "2315"]

1.c4 Nf6 2.Nf3 g6 3.d4 Bg7 4.g3 O-O 5.Bg2 d6 6.O-O Nbd7 7.Nc3 e5 8.e4 h6
9.h3 Nh7 10.Be3 Ng5 11.Nxg5 hxg5 12.Rc1 exd4 13.Bxd4 Ne5 14.c5 g4 15.hxg4 Bxg4
16.f3 Be6 17.cxd6 Qxd6 18.Nd5 Bxd5 19.Bc5 Qxc5+ 20.Rxc5 Bc4 21.Rf2 b5 22.Rd2 Be6
23.b3 Bf6 24.Rxb5 a5 25.f4 Ng4 26.e5 Be7 27.Bxa8 Rxa8 28.Qf3 Rc8 29.Rxa5 Bb4
30.Ra8 Bxd2 31.Rxc8+ Kg7 32.Qa8  1-0

[Event "EU-chT (Women)"]
[Site "Debrecen"]
[Date "1992.??.??"]
[Round "5"]
[White "Foulon, Greta"]
[Black "Grosar, Kiti"]
[Result "1-0"]
[WhiteElo "2005"]
[BlackElo "2125"]

1.d4 Nf6 2.c4 g6 3.g3 Bg7 4.Bg2 O-O 5.Nf3 d6 6.Nc3 Nbd7 7.O-O e5 8.e4 c6
9.h3 Qb6 10.Rb1 exd4 11.Nxd4 Re8 12.Be3 Qc7 13.Qd2 Nc5 14.f3 Qe7 15.Rfe1 Ne6
16.Rbd1 Nxd4 17.Bxd4 Be6 18.b3 Red8 19.Kh2 Qc7 20.Qe3 Qa5 21.Re2 Rd7 22.Red2 b6
23.Ne2 d5 24.Bc3 Qc5 25.Qxc5 bxc5 26.Bxf6 Bxf6 27.exd5 cxd5 28.cxd5 Rad8
29.f4 g5 30.Be4 Rd6 31.f5 Bc8 32.Kg2 Kg7 33.Rc1 Re8 34.Kf3 Bd4 35.Nxd4 cxd4
36.Rxd4 Kf6 37.Rc6 Rxc6 38.dxc6 Bxf5 39.Bxf5 Kxf5 40.Rd7 Ke6 41.Rxa7 h5 42.b4 f5
43.b5 g4+ 44.hxg4 fxg4+ 45.Kg2 Kd6 46.Rd7+ Kc5 47.Rb7 Kd6 48.c7 Re2+ 49.Kf1 Rc2
50.b6  1-0

[Event "EU-chT (Women)"]
[Site "Debrecen"]
[Date "1992.??.??"]
[Round "5"]
[White "Demina, Julia"]
[Black "Velikhanli, Firuza"]
[Result "0-1"]
[WhiteElo "2385"]
[BlackElo "2230"]

1.Nf3 Nf6 2.d4 g6 3.c4 Bg7 4.g3 O-O 5.Bg2 d6 6.O-O Nc6 7.Nc3 Bf5 8.d5 Na5
9.Nd4 Bd7 10.b3 c5 11.Nc2 a6 12.Qd3 Rb8 13.Bd2 b5 14.Rab1 Qc7 15.e4 e6 16.dxe6 Bxe6
17.Ne3 bxc4 18.bxc4 Nc6 19.Ncd5 Qd7 20.f4 Rxb1 21.Rxb1 Nd4 22.Rb6 Qa4 23.Qb1 Bxd5
24.cxd5 Nb5 25.Qc2 Qd4 26.Rxa6 Ng4 27.Qc1 c4 28.Qe1 c3 29.Bc1 c2 30.Rc6 Nxe3
31.Bxe3 Qd1 32.Kf2 Bd4 33.a4 Nc3  0-1

[Event "EU-chT (Women)"]
[Site "Debrecen"]
[Date "1992.??.??"]
[Round "6"]
[White "Demina, Julia"]
[Black "Grabics, Monika"]
[Result "1/2-1/2"]
[WhiteElo "2385"]
[BlackElo "2145"]

1.Nf3 Nf6 2.c4 g6 3.d4 Bg7 4.g3 O-O 5.Bg2 d6 6.O-O c5 7.Nc3 Nc6 8.dxc5 dxc5
9.Be3 Qa5 10.Bd2 Qd8 11.Qc1 Be6 12.b3 Qc8 13.Bh6 Bh3 14.Nd5 Bxg2 15.Kxg2 Qf5
16.Bxg7 Kxg7 17.Nxf6 Qxf6 18.Qe3 b6 19.Qe4 Rad8 20.Rad1 Rd6 21.Rxd6 Qxd6
22.Rc1 Rd8 23.Rc3 Qf6 24.Rd3 Rd6 25.Rxd6 Qxd6 26.g4 h6 27.h4 Qd7 28.g5 h5
29.Kh2 Qd6+ 30.Kg2 Qd7 31.Kh2 Qd6+ 32.Kg2  1/2-1/2

[Event "EU-chT (Women)"]
[Site "Debrecen"]
[Date "1992.??.??"]
[Round "6"]
[White "Galliamova, Alisa"]
[Black "Brustman, Agnieszka"]
[Result "1-0"]
[WhiteElo "2400"]
[BlackElo "2290"]

1.d4 Nf6 2.c4 g6 3.Nf3 Bg7 4.g3 O-O 5.Bg2 d6 6.O-O Nbd7 7.Nc3 e5 8.e4 c6
9.Rb1 Qb6 10.d5 Nc5 11.Be3 Ng4 12.Na4 Qb4 13.Bxc5 dxc5 14.dxc6 Qxc4 15.Nd2 Qd4
16.cxb7 Bxb7 17.Nc3 Nf6 18.Nb3 Qc4 19.Rc1 Rad8 20.Nd5 Bxd5 21.exd5 Qa4 22.Rxc5 Qxa2
23.Qc2 Rb8 24.Rc3 Qa6 25.Rd1 Rfd8 26.Nc5 Qa2 27.Rb1 Nxd5 28.Ra3 Nb4 29.Qc1 Bh6
30.Qf1 Rbc8 31.Rxa2 Nxa2 32.Qc4 Bf8 33.Qxa2 Rxc5 34.Qxa7 Rc2 35.b4 Rdd2 36.Be4 Ra2
37.Qb6 Bd6 38.h4 Kg7 39.h5 Be7 40.Qe3 Bd8 41.h6+ Kf8 42.Qc5+ Kg8 43.b5  1-0

[Event "EU-chT (Men)"]
[Site "Debrecen"]
[Date "1992.??.??"]
[Round "6"]
[White "Mochalov, Evgeny V"]
[Black "Moutousis, Konstantinos"]
[Result "1/2-1/2"]
[WhiteElo "2460"]
[BlackElo "2405"]

1.d4 Nf6 2.Nf3 g6 3.c4 Bg7 4.g3 O-O 5.Bg2 d6 6.O-O Nbd7 7.Qc2 e5 8.Rd1 Qe7
9.Nc3 c6 10.e4 exd4 11.Nxd4 Re8 12.Rb1 Nc5 13.f3 a5 14.b3 Nfd7 15.h3 Ne5
16.Kh2 Qf8 17.f4 Ned7 18.a3 Nf6 19.b4 axb4 20.axb4 Ne6 21.Nde2 Qe7 22.f5 Nf8
23.Bf4 Rd8 24.Qd3 Ne8 25.c5 Be5 26.Rd2 Rd7 27.fxg6 hxg6 28.cxd6 Rxd6 29.Qe3 Rxd2
30.Qxd2 Nd7 31.b5 Ng7 32.bxc6 bxc6 33.Nd4 Qd6 34.Nf3 Qxd2 35.Bxd2 Bf6 36.e5 Nxe5
37.Nxe5 Bxe5 38.Bxc6 Ra3 39.Rc1 Nh5 40.Be1 Nxg3 41.Bxg3 Rxc3 42.Rxc3 Bxc3
43.Bf3 Kg7 44.h4 Kf6 45.Kg2 Ba6 46.Kh2 Bc4 47.Kg2 Kf5 48.Kh2 Bd2 49.Kg2 Bd3
50.Kh2 Bf4 51.Bd5 f6 52.Be6+ Ke4 53.Bf7 Kf3 54.Bxf4 Kxf4 55.h5 g5 56.Bg8 g4
57.h6 Bg6 58.h7 Bxh7 59.Bxh7 f5 60.Kg2  1/2-1/2

[Event "EU-chT (Men)"]
[Site "Debrecen"]
[Date "1992.??.??"]
[Round "6"]
[White "Csom, Istvan"]
[Black "Malisauskas, Vidmantas"]
[Result "0-1"]
[WhiteElo "2490"]
[BlackElo "2490"]

1.d4 Nf6 2.Nf3 g6 3.c4 Bg7 4.g3 O-O 5.Bg2 d6 6.Nc3 Nc6 7.O-O Bf5 8.Ne1 Qc8
9.e4 Bh3 10.f3 Bxg2 11.Kxg2 e5 12.d5 Nd4 13.Be3 c5 14.dxc6 bxc6 15.Nc2 d5
16.Nxd4 exd4 17.Bxd4 dxe4 18.Bxf6 Bxf6 19.Nxe4 Bxb2 20.Rb1 Bg7 21.Qa4 Qc7
22.Qa6 Rab8 23.c5 Rfd8 24.Rxb8 Rxb8 25.Rd1 h6 26.Rd2 Rb5 27.Rc2 Bd4 28.Qa4 Qe5
29.Qc4 Rb1 30.h4 Kg7 31.Rd2 Be3 32.Re2 Rg1+ 33.Kh2 Rc1 34.Qb3 Bxc5 35.f4 Qa1
36.Qb2+ Qxb2 37.Rxb2 Bb6 38.Kg2 c5 39.Kf3 c4 40.Re2 c3 41.Kg2 c2 42.Kh2 Rh1+  0-1

[Event "EU-chT (Men)"]
[Site "Debrecen"]
[Date "1992.??.??"]
[Round "8"]
[White "Yrjola, Jouni"]
[Black "Kovalev, Andrei"]
[Result "1-0"]
[WhiteElo "2485"]
[BlackElo "2570"]

1.d4 Nf6 2.c4 g6 3.g3 Bg7 4.Bg2 O-O 5.Nf3 d6 6.O-O Nc6 7.Nc3 a6 8.h3 Bd7
9.b3 e5 10.d5 Nd4 11.Ne1 c6 12.Bd2 Rc8 13.e3 Nf5 14.Rc1 cxd5 15.cxd5 b5 16.Nd3 a5
17.e4 Nd4 18.Ne2 Qb6 19.Nxd4 exd4 20.Re1 b4 21.e5 dxe5 22.Nxe5 Bb5 23.Qf3 Rc3
24.Bxc3 bxc3 25.Bf1 Bxf1 26.Rxf1 Qc5 27.Nc6 Kh8 28.Nxd4 Qxd4 29.Rfd1 Qe4
30.Rxc3 Rd8 31.Qxe4 Nxe4 32.Rc7 Kg8 33.d6 Kf8 34.Ra7 Bc3 35.d7 Ke7 36.Kg2 Nc5
37.Rd5 Rxd7 38.Rxc5 Rxa7 39.Rxc3 Kd6 40.Kf3 Kd5 41.Rc4 Rb7 42.h4 h5 43.Ke3 f6
44.Kd3 g5 45.Kc3 Rb6 46.a3 Re6 47.Ra4 Rc6+ 48.Rc4 Ra6 49.Ra4 Ra8 50.Kd3 Ke5
51.Ke3 Kf5 52.Kf3 Rc8 53.Rxa5+ Kg6 54.b4 Rc3+ 55.Kg2 gxh4 56.gxh4 Rc4 57.b5 Rxh4
58.b6 Rg4+ 59.Kf3 Rg1 60.Rb5  1-0

[Event "EU-chT (Men)"]
[Site "Debrecen"]
[Date "1992.??.??"]
[Round "8"]
[White "Manninen, Marko"]
[Black "Dydyshko, Viacheslav"]
[Result "0-1"]
[WhiteElo "2450"]
[BlackElo "2500"]

1.d4 Nf6 2.c4 g6 3.g3 Bg7 4.Bg2 O-O 5.Nf3 d6 6.Nc3 Nbd7 7.O-O e5 8.e4 c6
9.h3 Qa5 10.Re1 exd4 11.Nxd4 Ne5 12.Bf1 Re8 13.Bf4 Qb6 14.Be3 c5 15.Ndb5 Bf8
16.Bg5 Ned7 17.a4 h6 18.Nd5 Nxd5 19.a5 Nc3 20.axb6 Nxd1 21.Rexd1 Nxb6 22.Nc7 Bxh3
23.Nxa8 Rxa8 24.Bf4 Bg4 25.Re1 Nc8 26.e5 g5 27.exd6 gxf4 28.d7 Nd6 29.Rxa7 Rd8
30.b3 Rxd7 31.Ra8 f3 32.Ra5 b6 33.Ra8 Kg7 34.Kh2 Be7 35.Rb8 Kf6 36.Rg8 h5
37.Bh3 Bxh3 38.Kxh3 Nf5 39.Re4 Bd6 40.Ra8 Re7 41.Rxe7 Kxe7 42.Ra7+ Ke6 43.Ra1 Nd4
44.Re1+ Kf5 45.Re3 Kg5 46.Rd3 Be5 47.Re3 f6  0-1

[Event "DEN-chB"]
[Site "?"]
[Date "1992.??.??"]
[Round "4"]
[White "Nielsen, Uffe V"]
[Black "Nielsen, Lars"]
[Result "1-0"]
[WhiteElo "2335"]
[BlackElo "2305"]

1.d4 Nf6 2.Nf3 g6 3.g3 Bg7 4.Bg2 O-O 5.c4 d6 6.O-O Nc6 7.Nc3 e5 8.d5 Ne7
9.e4 c5 10.Ne1 Nd7 11.Nd3 f5 12.f4 a6 13.Bd2 Rb8 14.a4 b6 15.h3 Qc7 16.Kh2 Kh8
17.Rf2 Nf6 18.Qf1 Bd7 19.fxe5 dxe5 20.Nxe5 Nh5 21.Nxd7 Nxg3 22.Qd1 Nxe4+
23.d6 Qxd7 24.Nxe4 fxe4 25.Rxf8+ Rxf8 26.dxe7 Qxe7 27.Bc3 Bxc3 28.bxc3 Qe5+
29.Kh1 Qxc3 30.Rc1 Qa3 31.Qe1 e3 32.Rc3 Qxa4 33.Kh2 Qd7 34.Rxe3 Qd6+ 35.Kh1 b5
36.Re6 Qd4 37.Rxa6 bxc4 38.Qe7 Rb8 39.Rb6 Rd8 40.Rf6 Rg8 41.Rd6 Qf4 42.Rd7  1-0

[Event "Dortmund op-A"]
[Site "Dortmund"]
[Date "1992.??.??"]
[Round "7"]
[White "Galliamova, Alisa"]
[Black "Grivas, Efstratios"]
[Result "1/2-1/2"]
[WhiteElo "2410"]
[BlackElo "2465"]

1.d4 Nf6 2.c4 g6 3.Nf3 Bg7 4.g3 O-O 5.Bg2 d6 6.O-O Nbd7 7.Nc3 e5 8.h3 h6
9.e4 Nh7 10.Be3 Ng5 11.Nxg5 hxg5 12.Ne2 exd4 13.Nxd4 Ne5 14.Rc1 g4 15.hxg4 Nxg4
16.Bf4 a6 17.Qd2 Bf6 18.f3 Ne5 19.b3 Qe7 20.a4 c5  1/2-1/2

[Event "Dresden op"]
[Site "Dresden"]
[Date "1992.??.??"]
[Round "?"]
[White "Schuh, Hubert"]
[Black "Schramm, Christian"]
[Result "1-0"]
[WhiteElo "2370"]
[BlackElo "2245"]

1.d4 Nf6 2.c4 d6 3.Nf3 g6 4.g3 Bg7 5.Bg2 O-O 6.O-O Nbd7 7.Qc2 e5 8.Rd1 exd4
9.Nxd4 Re8 10.Nc3 a6 11.Nb3 Rb8 12.c5 dxc5 13.Nxc5 Qe7 14.Nxd7 Bxd7 15.Bg5 Qe6
16.Bxf6 Bxf6 17.Nd5 Be5 18.Nxc7 Bxc7 19.Qxc7 Bc6 20.Bxc6 bxc6 21.Rd2 Rb5
22.Rad1 Rd5 23.e3 Rxd2 24.Rxd2 Qxa2 25.Qxc6 Rb8 26.h4 Qa5 27.Qc2 Qb5 28.Qc7 a5
29.e4 Qb4 30.Qf4 Re8 31.Rd7 f5 32.h5 Qe1+ 33.Kh2 Rxe4 34.Qb8+ Re8 35.Qa7 Qe5
36.h6 Rf8 37.Rg7+ Kh8 38.Rxh7+ Kg8 39.Rg7+ Kh8 40.Rxg6 Re8 41.Qf7  1-0

[Event "Wch U18"]
[Site "Duisburg"]
[Date "1992.??.??"]
[Round "3"]
[White "Danilov, Vladimir"]
[Black "Jonker, Marc"]
[Result "1/2-1/2"]
[WhiteElo "2275"]
[BlackElo "2360"]

1.d4 Nf6 2.c4 g6 3.Nf3 Bg7 4.g3 O-O 5.Bg2 d6 6.Nc3 Nbd7 7.O-O e5 8.e4 c6
9.h3 Re8 10.Re1 exd4 11.Nxd4 Nc5 12.Rb1 a5 13.b3 Qc7 14.a3 Bd7 15.b4 axb4
16.axb4 Ne6 17.Be3 Nxd4 18.Bxd4 Rad8 19.b5 Ra8 20.bxc6 bxc6 21.c5 dxc5 22.Bxc5 Qa5
23.Bd4 Be6 24.Qf3 Nd7 25.Bxg7 Kxg7 26.Qe3 Rad8 27.Ra1 Qc5 28.e5 Bd5 29.Nxd5 cxd5
30.Qxc5 Nxc5 31.Ra5  1/2-1/2

[Event "Wch U18 Girls"]
[Site "Duisburg"]
[Date "1992.??.??"]
[Round "5"]
[White "Manakova, Maria"]
[Black "Segal, Anna"]
[Result "1/2-1/2"]
[WhiteElo "2115"]
[BlackElo "2190"]

1.d4 g6 2.Nf3 Nf6 3.c4 Bg7 4.g3 O-O 5.Bg2 d6 6.O-O Nbd7 7.Nc3 e5 8.e4 c6
9.h3 exd4 10.Nxd4 Re8 11.Re1 a5 12.Be3 Nc5 13.Qc2 a4 14.Rad1 Qa5 15.Bf4 Ne6
16.Bxd6 Nxd4 17.Rxd4 Nd5 18.e5 Bf5 19.Qd2 Nxc3 20.Qxc3 Qxc3 21.bxc3 f6 22.f4 fxe5
23.fxe5 a3 24.g4 Be6 25.Rb1 Ra7 26.Re4 b5 27.cxb5 cxb5 28.Ra1 Rc8 29.Bb4 Bf8
30.Bxf8 Kxf8 31.Rb4 Ra5 32.Rf4+ Ke7 33.Rf3 Ra7 34.Bf1 Rc5 35.Re3 Rac7 36.c4 b4
37.Rb1 Bxc4 38.Rxb4 Bxf1 39.Kxf1 Rc1+ 40.Kf2 R1c2+ 41.Kf3 Rxa2 42.Ra4 Ra1
43.Rexa3 Rxa3+ 44.Rxa3 Ke6 45.Re3  1/2-1/2

[Event "Wch U16"]
[Site "Duisburg"]
[Date "1992.??.??"]
[Round "9"]
[White "Hausrath, Daniel"]
[Black "Kaminski, Marcin"]
[Result "0-1"]
[WhiteElo "2310"]
[BlackElo "2440"]

1.d4 Nf6 2.c4 g6 3.g3 Bg7 4.Bg2 O-O 5.Nf3 d6 6.O-O Nbd7 7.Nc3 e5 8.h3 Re8
9.e4 exd4 10.Nxd4 a6 11.Be3 Rb8 12.a4 Nc5 13.Qc2 a5 14.Rad1 Bd7 15.Nde2 Qe7
16.Nf4 c6 17.Rfe1 h5 18.Qd2 g5 19.Qxd6 Qxd6 20.Rxd6 gxf4 21.Bxc5 fxg3 22.fxg3 Bf8
23.Rxf6 Bxc5+ 24.Kh2 Be6 25.Rh6 Bb4 26.Bf1 Rbd8 27.Rxh5 Rd2+ 28.Re2 Red8
29.Nd5 cxd5 30.cxd5 Rxe2+ 31.Bxe2 Bd7 32.b3 Rc8 33.Bc4 Bxa4 34.d6 Bd7 35.e5 a4
36.Rg5+ Kf8  0-1